000 00641nam a2200229 a 4500
999 _c5739
_d5739
001 5739
003 BD-JhCC
005 20171221193822.0
008 171220s1968 p a|||| || | 001 0 eng d
035 _a(BD-JhCC)5739
040 _aBD-JhCC
_dBD-JhCC
041 _aeng
082 _a516
_bGEO 1968
245 _aGeometry :
_bElective Mathematics for Classes 1X and X /
_cMusarrat Ali Khan...[et. all].
260 _aLahore :
_bM. A. Muzaffar of Sh. Barkat Ali & Sons,
_c1968.
300 _a280 p. :
_bill. ;
_c20 cm.
504 _aIncludes Index
650 _aGeometry
700 _aMusarrat Ali Khan
942 _2ddc
_cBK